| 000 | 00483nam a22001577a 4500 | ||
|---|---|---|---|
| 005 | 20230831141712.0 | ||
| 008 | 230831b ||||| |||| 00| 0 eng d | ||
| 040 | _cAL | ||
| 041 | _aeng | ||
| 082 |
_223 _a574.02 _bRAMP |
||
| 100 |
_aRAMACHANDRA and others _9131980 |
||
| 245 |
_aPractical Exercises in Objective Type for Engineering and Medical College Entrance Examinations: _bBiology |
||
| 650 |
_aBiology _9131979 |
||
| 700 |
_aRAMACHANDRA and others _9131978 |
||
| 942 |
_2ddc _cBK |
||
| 999 |
_c228589 _d228589 |
||